Mass media ;theory and application

Guardat en:
Dades bibliogràfiques
Autor principal: NARAYANAN, KV Lakshmikutty, B.
Format: Llibre
Idioma:anglès
Publicat: CBS Publishers 2014
Etiquetes: Afegir etiqueta
Sense etiquetes, Sigues el primer a etiquetar aquest registre!

MARC

LEADER 00000nam a22000007a 4500
008 240315b |||||||| |||| 00| 0 eng d
020 |a 9788123924212 
100 |a NARAYANAN, KV  |a Lakshmikutty, B. 
245 |a Mass media  |b ;theory and application  |c /KV Narayanan, B.Lakshmikutty  |g x, 974p 
260 |b CBS Publishers  |c 2014  |h New Delhi  |i 699938  |i 699939  |l TP156.N16  |m Mass transfer 
500 |a it includes index 
942 |a lcc  |c BK  |e Johnson  |f 15/03/24 
952 |0 0  |1 0  |2 lcc  |4 0  |6 TP0156 N16  |7 0  |9 4986  |a TL  |b HOL  |c QZ  |d 2024-03-15  |l 0  |o TP156.N16  |p 2024-0237  |r 2024-03-15 00:00:00  |t 699938  |w 2024-03-15  |y BK 
952 |0 0  |1 0  |2 lcc  |4 0  |6 TP0156 N16  |7 0  |9 4987  |a HOL  |b HOL  |c QZ  |d 2024-03-15  |l 0  |o TP156.N16  |p 2024-0238  |r 2024-03-15 00:00:00  |t 699939  |w 2024-03-15  |y BK 
999 |c 2475  |d 2475